All Polish presidential candidates - Statistics

General Stats
  • This quiz has been taken 23 times
  • The average score is 33 of 66
Answer Stats
Answer Result (year) Result (year) Result (year) Result (year) Result (year) % Correct
Aleksander Kwaśniewski 35.11% (95) 53.90% (00)
95%
Andrzej Duda 34.76% (15) 43.50% (20)
95%
Grzegorz Braun .83% (15) 6.34% (25)
95%
Jarosław Kaczyński 36.46% (10)
95%
Lech Kaczyński 33.10% (05)
95%
Lech Wałęsa 39.96% (90) 33.11% (95) 1.01% (00)
95%
Rafał Trzaskowski 30.46% (20) 31.36% (25)
95%
Adrian Zandberg 4.86% (25)
89%
Joanna Senyszyn 1.09% (25)
89%
Karol Nawrocki 29.54% (25)
89%
Krzysztof Stanowski 1.24% (25)
89%
Maciej Maciak .19% (25)
89%
Sławomir Mentzen 14.81% (25)
89%
Artur Bartoszewicz .49% (25)
84%
Bronisław Komorowski 41.54% (10) 33.77% (15)
84%
Janusz Korwin-Mikke 2.40% (95) 1.43% (00) 1.43% (05) 2.48% (10) 3.26% (15)
84%
Krzysztof Bosak 6.78% (20)
84%
Magdalena Biejat 4.23% (25)
84%
Marek Woch .09% (25)
84%
Donald Tusk 36.33% (05)
79%
Szymon Hołownia 13.87% (20) 4.99% (25)
79%
Marek Jakubiak .17% (20) .77% (25)
74%
Magdalena Ogórek 2.38% (15)
68%
Stanisław Tymiński 23.10% (90) .16% (05)
68%
Władysław Kosiniak-Kamysz 2.36% (20)
63%
Paweł Kukiz 20.80% (15)
58%
Paweł Tanajno .20% (15) .14% (20)
58%
Robert Biedroń 2.22% (20)
58%
Janusz Palikot 1.42% (15)
53%
Andrzej Olechowski 17.30% (00) 1.44% (10)
47%
Stanisław Żółtek .23% (20)
47%
Grzegorz Napieralski 13.68% (10)
42%
Andrzej Lepper 1.32% (95) 3.05% (00) 15.11% (05) 1.28% (10)
37%
Jan Olszewski 6.86% (95)
37%
Kornel Morawiecki .13% (10)
37%
Marian Kowalski .52% (15)
37%
Marian Krzaklewski 15.57% (00)
37%
Tadeusz Mazowiecki 18.08% (90)
37%
Waldemar Pawlak 4.31% (95) 1.75% (10)
37%
Włodzimierz Cimoszewicz 9.21% (90)
37%
Henryka Bochniarz 1.26% (05)
32%
Jacek Kuroń 9.22% (95)
32%
Jarosław Kalinowski 5.95% (00) 1.80% (05)
32%
Leszek Bubel .04% (95) .13% (05)
32%
Mirosław Piotrowski .11% (20)
32%
Jacek Wilk .46% (15)
26%
Leszek Moczulski 2.50% (90)
26%
Roman Bartoszcze 7.15% (90)
26%
Adam Jarubas 1.60% (15)
21%
Hanna Gronkiewicz-Waltz 2.76% (95)
21%
Marek Borowski 10.33% (05)
21%
Waldemar Witkowski .14% (20)
21%
Adam Słomka .06% (05)
16%
Bogusław Ziętek .18% (10)
16%
Dariusz Grabowski .51% (00)
16%
Liwiusz Ilasz .21% (05)
16%
Piotr Ikonowicz .22% (00)
16%
Jan Łopuszański .79% (00)
11%
Jan Pyszko .07% (05)
11%
Marek Jurek 1.06% (10)
11%
Tadeusz Wilecki .16% (00)
11%
Tadeusz Zieliński 3.53% (95)
11%
Bogdan Pawłowski .10% (00)
5%
Jan Pietrzak 1.12% (95)
5%
Kazimierz Piotrowicz .07% (95)
5%
Tadeusz Koźluk .15% (95)
5%
No matching quizzes found
Score Distribution
Percent of People with Each Score
Percentile by Number Answered
Your Score History
You have not taken this quiz